000 00200 a2200085 4500
020 _a978-0750658966
100 _aTony Hunt
245 _aTony Hunt's Second Sketchbook
260 _bArchitectural Press
_c2003
999 _c11260
_d11260